Welcome to CU Library Online Public Access Catalogue (OPAC)

The birth of the Church; (Record no. 6134)

MARC details
000 -LEADER
fixed length control field 00596cam a2200193 4500
001 - CONTROL NUMBER
control field 3121172
005 - DATE AND TIME OF LATEST TRANSACTION
control field 20250602125143.0
008 - FIXED-LENGTH DATA ELEMENTS--GENERAL INFORMATION
fixed length control field 690423s1968 nyu b 100 0 eng
041 1# - LANGUAGE CODE
Language code of text/sound track or separate title engfre
050 00 - LIBRARY OF CONGRESS CALL NUMBER
Classification number BV600.A1
Item number G53 1962
082 00 - DEWEY DECIMAL CLASSIFICATION NUMBER
Classification number 220.8/262
245 14 - TITLE STATEMENT
Title The birth of the Church;
Remainder of title a Biblical study
Statement of responsibility, etc. [by Jean] Giblet [and others] Translated by Charles Underhill Quinn.
260 ## - PUBLICATION, DISTRIBUTION, ETC.
Place of publication, distribution, etc. Staten Island, N.Y.,
Name of publisher, distributor, etc. Alba House
Date of publication, distribution, etc. [c1968]
300 ## - PHYSICAL DESCRIPTION
Extent 255 p.
Dimensions 22 cm.
500 ## - GENERAL NOTE
General note Translation of Aux origines de l'Église.
650 #0 - SUBJECT ADDED ENTRY--TOPICAL TERM
Topical term or geographic name entry element Church.
700 1# - ADDED ENTRY--PERSONAL NAME
Personal name Giblet, Jean.
942 ## - ADDED ENTRY ELEMENTS (KOHA)
Source of classification or shelving scheme Library of Congress Classification
Koha item type Books
Suppress in OPAC No
999 ## -
-- 6134
-- 6134
Holdings
Withdrawn status Lost status Source of classification or shelving scheme Damaged status Not for loan Collection Home library Current library Shelving location Date acquired Total checkouts Full call number Barcode Date last seen Copy number Price effective from Koha item type
    Library of Congress Classification     Non-fiction Undergraduate Library (Christ Temple) Undergraduate Library (Christ Temple) General stacks 06/02/2025   BV600.AIG53 BIR ulct00002835 06/02/2025 1 06/02/2025 Books
© 2023-2024 Copyright: Central University Libraries. All Rights Reserved | Created by: Mahone Tech Office